[Event "31st USA-ch (w)"]
[Site "Highland Beach USA"]
[Date "1991.08.??"]
[Round "1"]
[White "Burtman, Sharon"]
[Black "MacArthur, Beatriz"]
[Result "1-0"]
[WhiteElo "2030"]
[BlackElo "2180"]
[EventDate "1991.08.17"]
[PlyCount "57"]

1.d4 Nf6 2.c4 g6 3.Nc3 Bg7 4.e4 d6 5.f4 O-O 6.Nf3 c5 7.d5 Na6 8.Be2 Nc7 9.
O-O a6 10.a4 b6 11.h3 Rb8 12.g4 Bd7 13.e5 Nfe8 14.Be3 b5 15.b3 bxa4 16.
Nxa4 f5 17.g5 dxe5 18.Nxe5 Bxa4 19.Rxa4 Qd6 20.Nc6 Rb7 21.Ra5 Bd4 22.Bxd4 
cxd4 23.Qxd4 Rxb3 24.c5 Qd7 25.Bc4 Rxh3 26.Nxe7+ Kf7 27.d6+ Ne6 28.Re1 Ng7
29.c6 1-0

[Event "31st USA-ch (w)"]
[Site "Highland Beach USA"]
[Date "1991.08.??"]
[Round "1"]
[White "Neely, Elizabeth"]
[Black "Wieckiewicz, Krystina"]
[Result "1-0"]
[WhiteElo "2110"]
[BlackElo "2050"]
[EventDate "1991.08.17"]
[PlyCount "63"]

1.e4 c5 2.Nf3 d6 3.d4 cxd4 4.Nxd4 Nf6 5.Nc3 a6 6.Bg5 e6 7.f4 Nbd7 8.Qf3 
Qc7 9.O-O-O b5 10.Bxf6 Nxf6 11.e5 Bb7 12.Qg3 dxe5 13.Ncxb5 axb5 14.Bxb5+ 
Ke7 15.fxe5 Nd5 16.Qh4+ f6 17.Rhe1 Rxa2 18.exf6+ Kf7 19.Nxe6 Ra1+ 20.Kd2 
Bb4+ 21.Qxb4 Qxc2+ 22.Kxc2 Nxb4+ 23.Kb3 Rxd1 24.Rxd1 Kxf6 25.Nc5 Bxg2 26.
Kxb4 h5 27.Rg1 Bd5 28.Nd7+ Kf7 29.Kc5 Be4 30.Kd6 Ra8 31.Bc4+ Ke8 32.Rxg7 
1-0

[Event "31st USA-ch (w)"]
[Site "Highland Beach USA"]
[Date "1991.08.??"]
[Round "1"]
[White "Dimitrijevic, Vesna"]
[Black "Root, Alexey"]
[Result "0-1"]
[WhiteElo "2085"]
[BlackElo "2030"]
[EventDate "1991.08.17"]
[PlyCount "110"]

1.e4 e6 2.d4 d5 3.Nc3 dxe4 4.Nxe4 Bd7 5.Nf3 Bc6 6.Bd3 Nd7 7.O-O Ngf6 8.Ng3
Be7 9.Ne5 Nxe5 10.dxe5 Qd5 11.f3 Qxe5 12.Re1 Bc5+ 13.Kh1 Qd5 14.Ne4 Nxe4 
15.Bxe4 Qxd1 16.Bxc6+ Qd7 17.Bxd7+ Kxd7 18.Rd1+ Ke7 19.Bf4 Bd6 20.Bxd6+ 
cxd6 21.Rd2 Rac8 22.Rad1 Rc6 23.Kg1 Rhc8 24.c3 b5 25.a3 a5 26.Rd4 d5 27.
Kf2 Rc4 28.Ke3 Rxd4 29.Rxd4 Rc4 30.Rd2 Kd6 31.Re2 a4 32.Kd3 f5 33.g3 e5 
34.Ke3 g5 35.Kd3 h5 36.Rf2 f4 37.Kd2 Ke6 38.gxf4 Rxf4 39.Rg2 Kf5 40.Ke3 e4
41.fxe4+ Rxe4+ 42.Kf3 g4+ 43.Kf2 h4 44.Kf1 Re3 45.Rd2 Ke5 46.Rd4 Re4 47.
Rd2 d4 48.cxd4+ Rxd4 49.Rc2 Ke4 50.Ke2 Rc4 51.Rd2 Rc1 52.Kf2 Rb1 53.Kg2 
Ke3 54.Rc2 Rd1 55.Rc3+ Rd3 0-1

[Event "31st USA-ch (w)"]
[Site "Highland Beach USA"]
[Date "1991.08.??"]
[Round "2"]
[White "Wieckiewicz, Krystina"]
[Black "Levitina, Irina"]
[Result "1/2-1/2"]
[WhiteElo "2050"]
[BlackElo "2370"]
[EventDate "1991.08.17"]
[PlyCount "118"]

1.d4 e6 2.Nf3 f5 3.g3 Nf6 4.Bg2 d5 5.c4 c6 6.b3 Bd6 7.O-O Qe7 8.Bb2 O-O 9.
Ne5 b6 10.Nd2 Bb7 11.Re1 c5 12.e3 Na6 13.f3 Rad8 14.Kh1 Qe8 15.Qe2 Nb4 16.
Rac1 a5 17.a3 Nc6 18.Nd3 Qh5 19.Nf1 Ba6 20.dxc5 bxc5 21.Nf4 Qf7 22.Red1 e5
23.Nd3 dxc4 24.Ne1 e4 25.bxc4 Ne5 26.Nd2 exf3 27.Nexf3 Neg4 28.Kg1 Qe7 29.
Nf1 Rfe8 30.Bxf6 Qxf6 31.Nh4 g6 32.Bd5+ Kh8 33.Ng2 Bc8 34.Rb1 Be5 35.Qf3 
Qe7 36.Rb5 Bc7 37.Rdb1 Nf6 38.Nf4 Bxf4 39.exf4 a4 40.Qc3 Kg7 41.Rb6 Rf8 
42.Re1 Qa7 43.Qb2 Qc7 44.Rc6 Qa7 45.Rb6 Qc7 46.Rc6 Qa7 47.Nd2 Rd7 48.Rce6 
Rc7 49.Re8 Rxe8 50.Rxe8 Qa6 51.Qe5 Kh6 52.Qxc7 Nxe8 53.Qxc5 Bb7 54.Nf3 
Bxd5 55.cxd5 Qe2 56.Ne5 Kh5 57.Qf2 Qd1+ 58.Kg2 Qxd5+ 59.Kh3 Nf6 1/2-1/2

[Event "31st USA-ch (w)"]
[Site "Highland Beach USA"]
[Date "1991.08.??"]
[Round "2"]
[White "MacArthur, Beatriz"]
[Black "Epstein, Esther"]
[Result "1/2-1/2"]
[WhiteElo "2180"]
[BlackElo "2245"]
[EventDate "1991.08.17"]
[PlyCount "76"]

1.e4 c5 2.Nf3 e6 3.d4 cxd4 4.Nxd4 Nc6 5.Nc3 d6 6.Be3 Nf6 7.Bc4 Be7 8.Qe2 
O-O 9.O-O-O Qa5 10.Bb3 Bd7 11.Rhg1 Rfc8 12.g4 Nxd4 13.Bxd4 e5 14.Be3 Rxc3 
15.Bd2 Bb5 16.Qe1 Rxc2+ 17.Kxc2 Qc7+ 18.Bc3 a5 19.g5 a4 20.Bxf7+ Kxf7 21.
gxf6 Bxf6 22.Qd2 Bc6 23.Qe2 Rc8 24.Kb1 Kg8 25.Bb4 Rd8 26.Qc4+ Qf7 27.Qe2 
d5 28.exd5 Bxd5 29.a3 Re8 30.Bc3 Bc6 31.Rd6 Kh8 32.Qg4 Qg6+ 33.Qxg6 hxg6 
34.Rxc6 bxc6 35.Rxg6 Kh7 36.Rg1 e4 37.Bxf6 gxf6 38.Rc1 Kg6 1/2-1/2

[Event "31st USA-ch (w)"]
[Site "Highland Beach USA"]
[Date "1991.08.??"]
[Round "2"]
[White "Tverskaya, Julia"]
[Black "Dimitrijevic, Vesna"]
[Result "1-0"]
[WhiteElo "2040"]
[BlackElo "2085"]
[EventDate "1991.08.17"]
[PlyCount "75"]

1.e4 e6 2.d4 d5 3.Nc3 Bb4 4.e5 c5 5.a3 Bxc3+ 6.bxc3 Qa5 7.Bd2 Qa4 8.Qg4 
Ne7 9.Bd3 c4 10.Be2 Qxc2 11.Nf3 Ng6 12.h4 h5 13.Qg3 Nc6 14.Ng5 Nce7 15.Bd1
Qb2 16.Rc1 Nf5 17.Qf3 Qxa3 18.Bc2 Nge7 19.O-O Qa5 20.Ra1 Qc7 21.Bc1 a6 22.
Ba3 Qc6 23.Rfe1 b5 24.Bxe7 Kxe7 25.Bxf5 exf5 26.e6 Bxe6 27.Qxf5 Rhe8 28.
Qe5 Rg8 29.Re3 Rae8 30.f4 Kd7 31.f5 f6 32.fxe6+ Kc8 33.Qf5 fxg5 34.e7+ Qd7
35.Qxg5 Qc7 36.Qg6 Rxe7 37.Qxa6+ Kd8 38.Qa8+ 1-0

[Event "31st USA-ch (w)"]
[Site "Highland Beach USA"]
[Date "1991.08.??"]
[Round "2"]
[White "Burtman, Sharon"]
[Black "Ruggiero, Pamela"]
[Result "1-0"]
[WhiteElo "2030"]
[BlackElo "2135"]
[EventDate "1991.08.17"]
[PlyCount "63"]

1.d4 Nf6 2.c4 g6 3.Nc3 Bg7 4.e4 d6 5.f4 O-O 6.Nf3 c5 7.d5 e6 8.Be2 exd5 9.
cxd5 Bg4 10.O-O Nbd7 11.h3 Bxf3 12.Bxf3 a6 13.a4 Qc7 14.g4 Kh8 15.g5 Ng8 
16.a5 Ne7 17.Be3 f5 18.e5 c4 19.Na4 Rad8 20.Nb6 Nc8 21.e6 Ndxb6 22.axb6 
Qe7 23.Qd2 Qe8 24.Ra5 Ne7 25.Rc1 Rc8 26.Be2 Nc6 27.dxc6 c3 28.Rxc3 Qxe6 
29.c7 Rfe8 30.Bf3 h6 31.gxh6 Bxh6 32.Bxb7 1-0

[Event "31st USA-ch (w)"]
[Site "Highland Beach USA"]
[Date "1991.08.??"]
[Round "2"]
[White "Root, Alexey"]
[Black "Neely, Elizabeth"]
[Result "1/2-1/2"]
[WhiteElo "2030"]
[BlackElo "2110"]
[EventDate "1991.08.17"]
[PlyCount "32"]

1.d4 Nf6 2.Nf3 e6 3.e3 d5 4.c4 Bb4+ 5.Bd2 Bxd2+ 6.Nbxd2 O-O 7.Bd3 c5 8.O-O
cxd4 9.exd4 b6 10.Rc1 Bb7 11.Qe2 Nc6 12.Rfd1 Rc8 13.Qe3 Nb4 14.Bb1 dxc4 
15.Nxc4 Nbd5 16.Qa3 Qe7 1/2-1/2

[Event "31st USA-ch (w)"]
[Site "Highland Beach USA"]
[Date "1991.08.??"]
[Round "3"]
[White "Neely, Elizabeth"]
[Black "Tverskaya, Julia"]
[Result "1-0"]
[WhiteElo "2110"]
[BlackElo "2040"]
[EventDate "1991.08.17"]
[PlyCount "85"]

1.e4 e5 2.Nf3 Nc6 3.Bb5 a6 4.Ba4 Nf6 5.O-O Be7 6.Re1 b5 7.Bb3 O-O 8.a4 b4 
9.d4 exd4 10.e5 Ne8 11.Nxd4 Nxd4 12.Qxd4 c5 13.Qe4 Rb8 14.Bf4 Nc7 15.Nd2 
Bb7 16.Qd3 Ne6 17.Bg3 Nd4 18.Ne4 Bxe4 19.Qxe4 d6 20.Bc4 dxe5 21.c3 bxc3 
22.bxc3 Nb3 23.Rad1 Nd2 24.Qxe5 Nxc4 25.Qxb8 Qxb8 26.Bxb8 Bf6 27.Bd6 Nxd6 
28.Rxd6 a5 29.Rc1 Rb8 30.g3 h6 31.Rc6 Be7 32.Rc7 Bg5 33.f4 Bd8 34.Rc6 Kh7 
35.Kg2 Rb2+ 36.Kh3 g5 37.fxg5 hxg5 38.Rxc5 Ra2 39.Rd5 g4+ 40.Kxg4 Rxa4+ 
41.Rd4 Rxd4+ 42.cxd4 Kg6 43.Rc6+ 1-0

[Event "31st USA-ch (w)"]
[Site "Highland Beach USA"]
[Date "1991.08.??"]
[Round "3"]
[White "Dimitrijevic, Vesna"]
[Black "Burtman, Sharon"]
[Result "1/2-1/2"]
[WhiteElo "2085"]
[BlackElo "2030"]
[EventDate "1991.08.17"]
[PlyCount "49"]

1.e4 Nf6 2.e5 Nd5 3.d4 d6 4.Nf3 Bg4 5.Be2 e6 6.O-O Be7 7.c4 Nb6 8.Nc3 O-O 
9.Be3 Nc6 10.exd6 cxd6 11.b3 d5 12.c5 Nd7 13.Rb1 Nf6 14.b4 a6 15.a4 Ne4 
16.Qc2 Nxc3 17.Qxc3 e5 18.b5 axb5 19.axb5 Nxd4 20.Bxd4 exd4 21.Nxd4 Bxe2 
22.Nxe2 Rc8 23.c6 Qb6 24.Rfd1 bxc6 25.bxc6 1/2-1/2

[Event "31st USA-ch (w)"]
[Site "Highland Beach USA"]
[Date "1991.08.??"]
[Round "3"]
[White "Epstein, Esther"]
[Black "Wieckiewicz, Krystina"]
[Result "1-0"]
[WhiteElo "2245"]
[BlackElo "2050"]
[EventDate "1991.08.17"]
[PlyCount "85"]

1.e4 c5 2.Nf3 d6 3.d4 cxd4 4.Nxd4 Nf6 5.Nc3 a6 6.Be2 e5 7.Nb3 Nbd7 8.a4 
Be7 9.O-O O-O 10.Be3 b6 11.Nd2 Bb7 12.Bc4 Rc8 13.Qe2 Nb8 14.Qd3 Ng4 15.
Rad1 Nxe3 16.fxe3 Qc7 17.Rf3 Bf6 18.Qf1 Qe7 19.Bb3 Nd7 20.Nc4 Rc6 21.Nd5 
Qd8 22.Nb4 Rxc4 23.Qxc4 Nc5 24.Nd5 b5 25.axb5 axb5 26.Qb4 Bc6 27.Rdf1 Bg5 
28.Rd1 Qb8 29.Nc3 Bd8 30.Bd5 Bd7 31.Ra1 Ne6 32.Raf1 Ng5 33.R3f2 Be7 34.Qb3
b4 35.Na2 Ne6 36.Nxb4 Qc7 37.c3 Bf6 38.Qd1 Qc5 39.Nc2 Bb5 40.Re1 Ba4 41.
Qg4 Bxc2 42.Rxc2 Bg5 43.Rce2 1-0

[Event "31st USA-ch (w)"]
[Site "Highland Beach USA"]
[Date "1991.08.??"]
[Round "3"]
[White "Levitina, Irina"]
[Black "Root, Alexey"]
[Result "1-0"]
[WhiteElo "2370"]
[BlackElo "2030"]
[EventDate "1991.08.17"]
[PlyCount "51"]

1.d4 e6 2.Nf3 f5 3.c4 Nf6 4.Nc3 Bb4 5.Bd2 O-O 6.a3 Bxc3 7.Bxc3 Ne4 8.Rc1 
b6 9.g3 Bb7 10.Bg2 Nxc3 11.Rxc3 Bxf3 12.Bxf3 d5 13.b4 a6 14.Re3 b5 15.cxd5
exd5 16.Re5 c6 17.Qc2 Qd7 18.O-O a5 19.Rc1 axb4 20.axb4 Ra4 21.Qc5 Ra7 22.
Rxd5 Qe7 23.Rxf5 Na6 24.Rxf8+ Kxf8 25.Qf5+ Ke8 26.Bxc6+ 1-0

[Event "31st USA-ch (w)"]
[Site "Highland Beach USA"]
[Date "1991.08.??"]
[Round "3"]
[White "Ruggiero, Pamela"]
[Black "MacArthur, Beatriz"]
[Result "0-1"]
[WhiteElo "2135"]
[BlackElo "2180"]
[EventDate "1991.08.17"]
[PlyCount "68"]

1.c4 Nf6 2.Nf3 g6 3.g3 Bg7 4.Bg2 O-O 5.O-O d6 6.Nc3 Nbd7 7.d4 c6 8.b3 Rb8 
9.Ne1 c5 10.e3 a6 11.Qc2 b5 12.Bb2 cxd4 13.exd4 bxc4 14.bxc4 Qc7 15.Na4 
Bb7 16.Nd3 Bxg2 17.Kxg2 Rfc8 18.Rac1 Bh6 19.f4 e6 20.Qd1 Bg7 21.Re1 Qb7+ 
22.Qf3 d5 23.c5 Ne4 24.Re2 Qc6 25.Nc3 Bxd4 26.Nxd5 Qxd5 27.Bxd4 f5 28.Bb2 
Ndxc5 29.Rec2 Nxd3 30.Rxc8+ Rxc8 31.Rxc8+ Kf7 32.Qe3 Nef2+ 33.Kf1 Qh1+ 34.
Ke2 Qd1# 0-1

[Event "31st USA-ch (w)"]
[Site "Highland Beach USA"]
[Date "1991.08.??"]
[Round "4"]
[White "Burtman, Sharon"]
[Black "Neely, Elizabeth"]
[Result "1-0"]
[WhiteElo "2030"]
[BlackElo "2110"]
[EventDate "1991.08.17"]
[PlyCount "110"]

1.d4 Nf6 2.c4 c5 3.d5 b5 4.cxb5 a6 5.bxa6 Bxa6 6.Nc3 d6 7.f4 g6 8.Nf3 Bg7 
9.e4 Bxf1 10.Rxf1 O-O 11.Kf2 Nfd7 12.Kg1 Na6 13.Qe2 Qb8 14.Re1 Re8 15.e5 
e6 16.dxe6 Rxe6 17.Ng5 Re7 18.Nd5 Re8 19.Qc4 dxe5 20.Nxf7 Kxf7 21.Nb6+ Ke7
22.Nxd7 Kxd7 23.Qf7+ Kc6 24.Qxg7 e4 25.a3 Ra7 26.Qc3 Qd6 27.Be3 Rd7 28.b4 
Qd3 29.Rac1 Qxc3 30.Rxc3 Rd3 31.Rec1 Rxc3 32.Rxc3 Rd8 33.Bxc5 Rd3 34.Rxd3 
exd3 35.Kf2 Kd5 36.Ke3 Kc4 37.Kd2 Nc7 38.a4 Nd5 39.g3 Nc3 40.a5 Ne4+ 41.
Kd1 Kb5 42.g4 Nf6 43.h3 h5 44.f5 hxg4 45.hxg4 g5 46.Kd2 Nxg4 47.Kxd3 Nf6 
48.Kd4 Nd7 49.Kd5 g4 50.Ke4 Kc6 51.Kf4 Nf6 52.a6 Kc7 53.Kg3 Kc6 54.Be7 Kb5
55.Kf4 Kc6 1-0

[Event "31st USA-ch (w)"]
[Site "Highland Beach USA"]
[Date "1991.08.??"]
[Round "4"]
[White "Root, Alexey"]
[Black "Epstein, Esther"]
[Result "0-1"]
[WhiteElo "2030"]
[BlackElo "2245"]
[EventDate "1991.08.17"]
[PlyCount "76"]

1.d4 g6 2.c4 Bg7 3.Nc3 d6 4.e4 Nc6 5.d5 Nd4 6.Be3 c5 7.Nge2 e5 8.dxe6 Nxe6
9.Qd2 Nf6 10.O-O-O O-O 11.Qxd6 Qa5 12.Qd3 Ng4 13.b3 Rd8 14.Qc2 Nd4 15.Qb1 
Be6 16.Nd5 Nxe3 17.fxe3 Nc6 18.Nef4 a6 19.Bd3 b5 20.Rhf1 Ne5 21.Qc2 Bg4 
22.Rd2 Kh8 23.h3 Bd7 24.Rff2 bxc4 25.Bxc4 Nxc4 26.Qxc4 Bb5 27.Qc2 c4 28.b4
Qa3+ 29.Kb1 a5 30.Nc7 Qxb4+ 31.Kc1 Qa3+ 32.Kb1 Ba4 33.Nxa8 Bxc2+ 34.Kxc2 
Rxa8 35.Kd1 Qxe3 36.Nd5 Qxe4 37.Rxf7 Re8 38.Nc7 Qb1# 0-1

[Event "31st USA-ch (w)"]
[Site "Highland Beach USA"]
[Date "1991.08.??"]
[Round "4"]
[White "MacArthur, Beatriz"]
[Black "Wieckiewicz, Krystina"]
[Result "1-0"]
[WhiteElo "2180"]
[BlackElo "2050"]
[EventDate "1991.08.17"]
[PlyCount "73"]

1.e4 c5 2.Nf3 d6 3.d4 cxd4 4.Nxd4 Nf6 5.Nc3 a6 6.f4 e5 7.Nf3 Qc7 8.a4 Nbd7
9.Bd3 b6 10.O-O Bb7 11.Qe1 Be7 12.Nh4 g6 13.f5 O-O-O 14.Bd2 Rdg8 15.fxg6 
hxg6 16.Nf3 Ng4 17.b4 f5 18.Qe2 fxe4 19.Bxe4 Ndf6 20.Bxb7+ Qxb7 21.h3 Nh6 
22.Ng5 Nf5 23.Nce4 Nxe4 24.Qxe4 Rf8 25.Ra3 Nd4 26.Rxf8+ Rxf8 27.Qxg6 Ne2+ 
28.Kh2 Qd5 29.Rd3 Qa2 30.Qe4 Rf2 31.Qc6+ Kb8 32.Qxb6+ Ka8 33.Qxf2 Bxg5 34.
Bxg5 Qxc2 35.Rxd6 Qc7 36.Rxa6+ Kb7 37.Ra7+ 1-0

[Event "31st USA-ch (w)"]
[Site "Highland Beach USA"]
[Date "1991.08.??"]
[Round "4"]
[White "Tverskaya, Julia"]
[Black "Levitina, Irina"]
[Result "1/2-1/2"]
[WhiteElo "2040"]
[BlackElo "2370"]
[EventDate "1991.08.17"]
[PlyCount "92"]

1.e4 c5 2.Nf3 d6 3.d4 cxd4 4.Nxd4 Nf6 5.Nc3 Nc6 6.Be2 e5 7.Nb3 Be7 8.Bg5 
O-O 9.Qd2 a5 10.Bb5 Be6 11.O-O Na7 12.Bd3 b5 13.Bxf6 Bxf6 14.Nxb5 Nxb5 15.
Bxb5 a4 16.Nc1 Qb6 17.c4 Rfc8 18.Qe2 Be7 19.Rb1 f5 20.b3 Qd4 21.exf5 Bxf5 
22.Rb2 Bg5 23.bxa4 e4 24.Rb3 d5 25.Qh5 Qf6 26.f4 exf3 27.Qxf3 Be4 28.Qxf6 
Bxf6 29.cxd5 Rc2 30.Rg3 Bxd5 31.Rxf6 Rxc1+ 32.Rf1 Rc2 33.a3 g6 34.Rd1 Be4 
35.Rg4 Bf5 36.Rgd4 Kg7 37.R1d2 Rc3 38.Rd8 Rxd8 39.Rxd8 Rxa3 40.Rd2 Kf6 41.
Kf2 Be6 42.Rd3 Ra2+ 43.Kf3 Kf5 44.g4+ Kg5 45.h3 h5 46.gxh5 gxh5 1/2-1/2

[Event "31st USA-ch (w)"]
[Site "Highland Beach USA"]
[Date "1991.08.??"]
[Round "5"]
[White "Levitina, Irina"]
[Black "Burtman, Sharon"]
[Result "1-0"]
[WhiteElo "2370"]
[BlackElo "2030"]
[EventDate "1991.08.17"]
[PlyCount "52"]

1.d4 Nf6 2.Nf3 e6 3.Bg5 d5 4.e3 Be7 5.Nbd2 O-O 6.Bd3 c5 7.c3 Nc6 8.O-O b6 
9.Re1 Bb7 10.a3 h6 11.Bh4 Rc8 12.Qe2 Qc7 13.e4 cxd4 14.cxd4 Nxe4 15.Nxe4 
dxe4 16.Qxe4 g6 17.Rac1 Qd8 18.Bxe7 Qxe7 19.d5 Nd8 20.Rxc8 Bxc8 21.Qf4 Kg7
22.d6 Qf6 23.Qxf6+ Kxf6 24.Ne5 Kg7 25.Rc1 Bb7 26.Rc7 Kf6 1-0

[Event "31st USA-ch (w)"]
[Site "Highland Beach USA"]
[Date "1991.08.??"]
[Round "5"]
[White "Epstein, Esther"]
[Black "Tverskaya, Julia"]
[Result "1-0"]
[WhiteElo "2245"]
[BlackElo "2040"]
[EventDate "1991.08.17"]
[PlyCount "53"]

1.e4 e5 2.Nf3 Nc6 3.Nc3 Nf6 4.d4 exd4 5.Nd5 Be7 6.Bf4 d6 7.Nxd4 O-O 8.Nc3 
Re8 9.Nxc6 bxc6 10.Bd3 Rb8 11.Rb1 Bg4 12.f3 Be6 13.O-O Nd7 14.Be3 Bf6 15.
f4 g6 16.Bxa7 Rxb2 17.Rxb2 Bxc3 18.Rb7 c5 19.Qb1 f5 20.Qb5 fxe4 21.Bxe4 
Bd4+ 22.Kh1 d5 23.Bf3 Be3 24.Qc6 Nf6 25.Bxc5 Bxf4 26.Bd4 Rf8 27.Qxe6+ 1-0

[Event "31st USA-ch (w)"]
[Site "Highland Beach USA"]
[Date "1991.08.??"]
[Round "5"]
[White "Neely, Elizabeth"]
[Black "Ruggiero, Pamela"]
[Result "1-0"]
[WhiteElo "2110"]
[BlackElo "2135"]
[EventDate "1991.08.17"]
[PlyCount "107"]

1.e4 e6 2.d4 d5 3.exd5 exd5 4.Bd3 Nf6 5.h3 Be7 6.Be3 b6 7.Qf3 Bb7 8.Nd2 
Nbd7 9.Ne2 c5 10.c3 O-O 11.O-O Re8 12.Ng3 Bf8 13.Rfe1 Qc7 14.Bg5 Qc6 15.
Re3 cxd4 16.cxd4 Bb4 17.Qe2 Rxe3 18.fxe3 h6 19.Bxf6 Nxf6 20.Nf3 Bd6 21.Nf5
Ne4 22.Bxe4 dxe4 23.Ne5 Qc7 24.Nxd6 Qxd6 25.Rc1 f6 26.Ng6 Bc8 27.Rc6 Qd8 
28.Qc4+ Kh7 29.Qf7 Bd7 30.Rd6 Qe8 31.Rxd7 Qxf7 32.Rxf7 Kxg6 33.Rc7 f5 34.
Kf2 Kf6 35.g4 g6 36.Kg3 b5 37.Rc6+ Kg7 38.gxf5 gxf5 39.Kf4 Rf8 40.Rc5 Kg6 
41.Rxb5 Rf6 42.Re5 Rb6 43.b3 Ra6 44.a4 Rb6 45.Rb5 Rf6 46.b4 h5 47.Re5 h4 
48.b5 Rf7 49.d5 Rf6 50.Re6 Rxe6 51.dxe6 Kf6 52.a5 Kxe6 53.b6 axb6 54.a6 
1-0

[Event "31st USA-ch (w)"]
[Site "Highland Beach USA"]
[Date "1991.08.??"]
[Round "5"]
[White "Wieckiewicz, Krystina"]
[Black "Root, Alexey"]
[Result "1-0"]
[WhiteElo "2050"]
[BlackElo "2030"]
[EventDate "1991.08.17"]
[PlyCount "87"]

1.d4 d6 2.c4 g6 3.Nc3 Bg7 4.e4 Nc6 5.Be3 e5 6.d5 Nce7 7.h4 h5 8.f3 Bh6 9.
Qd2 f5 10.Bxh6 Nxh6 11.O-O-O f4 12.Kb1 Nf7 13.Nh3 Bxh3 14.Rxh3 c5 15.dxc6 
bxc6 16.g3 g5 17.gxf4 gxf4 18.Be2 Rg8 19.Rhh1 Qb6 20.Qc2 Rg2 21.Qc1 Rb8 
22.Rdg1 Rxg1 23.Rxg1 Qf2 24.Rg7 Qxh4 25.Qg1 Rd8 26.Rh7 Qg3 27.Qh1 Qg6 28.
Rxh5 Kd7 29.Rh4 Rg8 30.Rg4 Qe6 31.Rxg8 Nxg8 32.Qg1 Ne7 33.Qxa7+ Ke8 34.a4 
Ng5 35.a5 Qh3 36.Qb8+ Kf7 37.a6 Nxf3 38.Bxf3 Qxf3 39.a7 Qf1+ 40.Kc2 Qg2+ 
41.Kb3 f3 42.a8=Q f2 43.Qf8+ Kg6 44.Qae8+ 1-0

[Event "31st USA-ch (w)"]
[Site "Highland Beach USA"]
[Date "1991.08.??"]
[Round "6"]
[White "MacArthur, Beatriz"]
[Black "Root, Alexey"]
[Result "1/2-1/2"]
[WhiteElo "2180"]
[BlackElo "2030"]
[EventDate "1991.08.17"]
[PlyCount "40"]

1.e4 e6 2.d4 d5 3.Nc3 dxe4 4.Nxe4 Bd7 5.Nf3 Bc6 6.Bd3 Nd7 7.O-O Ngf6 8.Ng3
Be7 9.Re1 O-O 10.Ne5 Nxe5 11.Rxe5 Bd6 12.Re1 Bxg3 13.hxg3 Qd5 14.Bf1 Rad8 
15.Be3 Qf5 16.Bd3 Be4 17.Bxe4 Qxe4 18.c3 Qg6 19.Qf3 Ng4 20.Bf4 c6 1/2-1/2

[Event "31st USA-ch (w)"]
[Site "Highland Beach USA"]
[Date "1991.08.??"]
[Round "6"]
[White "Tverskaya, Julia"]
[Black "Wieckiewicz, Krystina"]
[Result "1-0"]
[WhiteElo "2040"]
[BlackElo "2050"]
[EventDate "1991.08.17"]
[PlyCount "125"]

1.e4 c5 2.Nf3 d6 3.d4 cxd4 4.Nxd4 Nf6 5.Nc3 a6 6.Bc4 e6 7.Bb3 b5 8.O-O Be7
9.f4 O-O 10.f5 e5 11.Nde2 Bb7 12.Ng3 Nbd7 13.Be3 Nb6 14.Nh5 Nc4 15.Bxc4 
bxc4 16.Nxf6+ Bxf6 17.Qd2 Qa5 18.Qxd6 Rfd8 19.Qb6 Qxb6 20.Bxb6 Rd6 21.Bc5 
Rd2 22.Rf2 Rd7 23.Re2 Rc8 24.Bb6 Bd8 25.Bxd8 Rcxd8 26.Rae1 f6 27.Na4 Rc7 
28.Kf2 Rd4 29.c3 Rd3 30.Re3 Rd2+ 31.R1e2 Rd1 32.b4 cxb3 33.axb3 a5 34.c4 
Bc6 35.Nc5 Bd7 36.Nxd7 Rcxd7 37.Ra2 Ra7 38.Rc3 Kf8 39.c5 Ke8 40.Ke3 Rd4 
41.Rd3 Rb4 42.Rad2 a4 43.bxa4 Rbxa4 44.c6 Ra3 45.Rb2 R3a6 46.Rb8+ Ke7 47.
Rg8 Kf7 48.Rc8 Ke7 49.g4 Ra3 50.c7 Rxd3+ 51.Kxd3 Ra3+ 52.Kc4 Kd7 53.Rg8 
Kxc7 54.Rxg7+ Kc6 55.Rf7 Ra4+ 56.Kd3 Ra3+ 57.Ke2 Ra2+ 58.Kf3 Rxh2 59.Rxf6+
Kc5 60.Re6 Kd4 61.Rd6+ Kc3 62.f6 Rh1 63.Kg2 1-0

[Event "31st USA-ch (w)"]
[Site "Highland Beach USA"]
[Date "1991.08.??"]
[Round "6"]
[White "Burtman, Sharon"]
[Black "Epstein, Esther"]
[Result "0-1"]
[WhiteElo "2030"]
[BlackElo "2245"]
[EventDate "1991.08.17"]
[PlyCount "152"]

1.d4 g6 2.c4 Bg7 3.Nc3 d6 4.e4 c5 5.Be3 Qa5 6.Qd2 cxd4 7.Bxd4 Bxd4 8.Qxd4 
Nf6 9.Be2 O-O 10.Nf3 Bg4 11.O-O Nc6 12.Qd2 Bxf3 13.Bxf3 Ne5 14.Be2 Rac8 
15.b3 Rfd8 16.Rad1 Kg7 17.f4 Nc6 18.Bf3 e5 19.Nd5 Qxd2 20.Rxd2 exf4 21.
Nxf4 Ne5 22.Rfd1 Rc6 23.h3 Kf8 24.Kf2 a5 25.Nd5 Nfd7 26.Nc3 Nc5 27.Nb5 Ke7
28.Ke3 a4 29.Rb2 axb3 30.axb3 Ra8 31.Be2 Ne6 32.Rbd2 Rd8 33.Bf1 h5 34.Be2 
Nc5 35.Rb2 Ra8 36.Bf1 Ne6 37.Rbd2 Rd8 38.Be2 Nc7 39.Nc3 Rc5 40.Na4 Ra5 41.
c5 Ne8 42.Rd5 Nc6 43.cxd6+ Nxd6 44.Nb6 Rxd5 45.Nxd5+ Kf8 46.Ra1 Re8 47.Nc3
f5 48.Bf3 Kg7 49.Re1 Ne5 50.Kd4 b5 51.Re3 f4 52.Re1 b4 53.Nd5 Nf5+ 54.exf5
Nxf3+ 55.gxf3 Rxe1 56.Nxf4 gxf5 57.Nxh5+ Kh6 58.Nf4 Rf1 59.Nd5 Rxf3 60.Kc4
Kg5 61.Nxb4 Rxh3 62.Nd3 f4 63.b4 f3 64.b5 Rh1 65.b6 Rb1 66.Kc5 Rb3 67.Nf2 
Rb2 68.Nd3 Rc2+ 69.Kd4 Rc8 70.Kd5 Rd8+ 71.Ke4 Kh4 72.Ke3 Kg3 73.b7 Re8+ 
74.Kd2 Rb8 75.Nc5 f2 76.Ke2 Re8+ 0-1

[Event "31st USA-ch (w)"]
[Site "Highland Beach USA"]
[Date "1991.08.??"]
[Round "6"]
[White "Dimitrijevic, Vesna"]
[Black "Neely, Elizabeth"]
[Result "1-0"]
[WhiteElo "2085"]
[BlackElo "2110"]
[EventDate "1991.08.17"]
[PlyCount "112"]

1.e4 Nc6 2.f4 d5 3.e5 d4 4.Bc4 Na5 5.Bb3 g6 6.Nf3 Bg7 7.d3 Nxb3 8.axb3 b6 
9.O-O Nh6 10.Qe1 Bb7 11.Nbd2 Nf5 12.Ne4 h5 13.Neg5 e6 14.Ra4 b5 15.Ra5 a6 
16.Ne4 Qe7 17.b4 O-O 18.Nc5 Rfb8 19.Bd2 Qd8 20.Nxb7 Rxb7 21.Qe4 Rba7 22.
Rfa1 Qd7 23.Ng5 Bh6 24.Nf3 Bf8 25.Qe2 Be7 26.Rc1 Rd8 27.Qf2 Raa8 28.Qe1 
Qd5 29.Qe4 Qxe4 30.dxe4 Ne3 31.Bxe3 dxe3 32.c3 c5 33.bxc5 Bxc5 34.Kf1 Bb6 
35.Raa1 a5 36.Rd1 a4 37.Rxd8+ Rxd8 38.Ke2 Kf8 39.Rd1 Rxd1 40.Kxd1 Ke7 41.
Ke2 Bc5 42.Ne1 b4 43.cxb4 Bxb4 44.Nd3 a3 45.bxa3 Bxa3 46.Kxe3 Kd7 47.Kf3 
Kc6 48.g4 hxg4+ 49.Kxg4 Be7 50.Ne1 Kc5 51.Nf3 f5+ 52.exf6 Bxf6 53.Ng5 Bxg5
54.Kxg5 Kd4 55.e5 Ke4 56.Kxg6 Kxf4 1-0

[Event "31st USA-ch (w)"]
[Site "Highland Beach USA"]
[Date "1991.08.??"]
[Round "6"]
[White "Ruggiero, Pamela"]
[Black "Levitina, Irina"]
[Result "0-1"]
[WhiteElo "2135"]
[BlackElo "2370"]
[EventDate "1991.08.17"]
[PlyCount "48"]

1.c4 e6 2.g3 d5 3.Bg2 Nf6 4.Nf3 d4 5.d3 Nc6 6.O-O Be7 7.Bf4 Nd7 8.e4 e5 9.
Bd2 O-O 10.Bh3 a5 11.Na3 Bxa3 12.bxa3 Nc5 13.Bg5 f6 14.Bxc8 Qxc8 15.Bc1 f5
16.exf5 Qxf5 17.Ne1 e4 18.dxe4 Qxe4 19.f4 d3 20.Bd2 Nd4 21.Nf3 Ne2+ 22.Kf2
Qxc4 23.Ne5 Qd4+ 24.Ke1 Qe4 0-1

[Event "31st USA-ch (w)"]
[Site "Highland Beach USA"]
[Date "1991.08.??"]
[Round "7"]
[White "Neely, Elizabeth"]
[Black "MacArthur, Beatriz"]
[Result "1-0"]
[WhiteElo "2110"]
[BlackElo "2180"]
[EventDate "1991.08.17"]
[PlyCount "82"]

1.e4 e6 2.Nf3 d5 3.Nc3 Nf6 4.e5 Nfd7 5.d4 c5 6.dxc5 Bxc5 7.Bd3 Nc6 8.Bf4 
f6 9.exf6 Nxf6 10.O-O O-O 11.Bg3 a6 12.Qe2 b5 13.a3 Ra7 14.Rae1 Re7 15.b4 
Ba7 16.Be5 g6 17.h3 Nh5 18.a4 Ref7 19.axb5 Nxe5 20.Qxe5 Rxf3 21.gxf3 Rxf3 
22.b6 Bxb6 23.Na4 Bc7 24.Qd4 Qd6 25.Kg2 Rxh3 26.Re5 Rxd3 27.cxd3 Qxe5 28.
Qxe5 Bxe5 29.Rc1 Bd7 30.Nc5 Nf4+ 31.Kf3 Bb5 32.d4 Bd6 33.Nb7 Bxb4 34.Rc8+ 
Kg7 35.Kxf4 Kf6 36.Nc5 g5+ 37.Ke3 h5 38.Rh8 h4 39.Rh6+ Kf5 40.f3 e5 41.Ne6
exd4+ 1-0

[Event "31st USA-ch (w)"]
[Site "Highland Beach USA"]
[Date "1991.08.??"]
[Round "7"]
[White "Epstein, Esther"]
[Black "Ruggiero, Pamela"]
[Result "1-0"]
[WhiteElo "2245"]
[BlackElo "2135"]
[EventDate "1991.08.17"]
[PlyCount "111"]

1.e4 e6 2.d4 d5 3.Nc3 Nf6 4.Bg5 Bb4 5.e5 h6 6.Bd2 Bxc3 7.Bxc3 Ne4 8.Bb4 c5
9.Bxc5 Nxc5 10.dxc5 Qa5+ 11.c3 Qxc5 12.Bd3 Nc6 13.Nf3 Bd7 14.Bc2 b5 15.O-O
b4 16.Rc1 bxc3 17.Ba4 Qb6 18.Rxc3 O-O 19.Bxc6 Bxc6 20.Nd4 Rfc8 21.Qg4 Bd7 
22.Rg3 g6 23.b3 Kh7 24.Qf4 Rf8 25.Rh3 h5 26.g4 Qd8 27.Nf3 f6 28.Qe3 Kg7 
29.gxh5 g5 30.Rg3 Rg8 31.exf6+ Qxf6 32.Nxg5 Kh8 33.h4 e5 34.Qxe5 Qxe5 35.
Nf7+ Kh7 36.Nxe5 Bh3 37.Rc1 Kh6 38.Kh2 Bf5 39.Rcg1 Rxg3 40.fxg3 Rc8 41.g4 
Be4 42.Nf7+ Kg7 43.Nd6 Rc2+ 44.Kg3 Rxa2 45.Nxe4 dxe4 46.Kf4 e3 47.Kxe3 Rb2
48.Rd1 Rxb3+ 49.Ke4 a5 50.g5 a4 51.Rd7+ Kg8 52.h6 Rg3 53.Ra7 Rg4+ 54.Kf5 
Rxh4 55.Kg6 Kf8 56.h7 1-0